Descentralización con participación
A partir de 1995 algunos países latinoamericanos vienen experimentando un cambio en la estructura administrativa y política con la promulgación de leyes de participación popular y descentralización, sin embargo, la centralización sigue vigente y los intereses e intenciones varían de acuerdo a si son...
Salvato in:
| Ente Autore: | |
|---|---|
| Natura: | testo |
| Pubblicazione: |
San José:
CERCA
|
| Soggetti: | |
| Tags: |
Aggiungi Tag
Nessun Tag, puoi essere il primo ad aggiungerne!!
|
MARC
| LEADER | 00000 a a2200000 04500 | ||
|---|---|---|---|
| 001 | 19124 | ||
| 003 | |||
| 040 | |a CRAI/IIS |c CRAI/IIS | ||
| 090 | |a 145101 | ||
| 110 | |a Centro de Recursos para el Desarrollo Sostenible de los Asentamientos Humanos en Centroamérica | ||
| 245 | |a Descentralización con participación | ||
| 260 | |a San José: |b CERCA | ||
| 300 | |a 55 p | ||
| 300 | |b **no definido** | ||
| 500 | |a Tomado de Desarrollo y Cooperación (D+C), n. 5, mayo 1996 | ||
| 520 | |a A partir de 1995 algunos países latinoamericanos vienen experimentando un cambio en la estructura administrativa y política con la promulgación de leyes de participación popular y descentralización, sin embargo, la centralización sigue vigente y los intereses e intenciones varían de acuerdo a si son regiones deprimidas o regiones con un alto nivel socioeconómico, para el desarrollo de los procesos de descentralización. En síntesis, hay grandes avances en lo formal e institucional, pero subsisten problemas en la implementación del nuevo diseño administrativo, así como de fuerzas centralizadoras.REV/LCL | ||
| 650 | |a DESCENTRALIZACION | ||
| 650 | |a PODER POLITICO | ||
| 650 | |a DESARROLLO LOCAL | ||
| 650 | |a ASPECTOS ADMINISTRATIVOS | ||
| 650 | |a DESARROLLO ADMINISTRATIVO | ||
| 999 | |c 12677 |d 12677 | ||
